<?xml version="1.0" encoding="UTF-8"?>
<record
    xmlns:xsi="http://www.w3.org/2001/XMLSchema-instance"
    xsi:schemaLocation="http://www.loc.gov/MARC21/slim http://www.loc.gov/standards/marcxml/schema/MARC21slim.xsd"
    xmlns="http://www.loc.gov/MARC21/slim">

  <leader>03117cam a22002895a 4500</leader>
  <controlfield tag="001">16062467</controlfield>
  <controlfield tag="005">20151130141527.0</controlfield>
  <controlfield tag="008">100119t2010    flua   frb    001 0 eng d</controlfield>
  <datafield tag="020" ind1=" " ind2=" ">
    <subfield code="a">9781420087727 (alk. paper)</subfield>
  </datafield>
  <datafield tag="020" ind1=" " ind2=" ">
    <subfield code="a">142008772X (alk. paper)</subfield>
  </datafield>
  <datafield tag="040" ind1=" " ind2=" ">
    <subfield code="a">DNLM/DLC</subfield>
    <subfield code="c">DLC</subfield>
    <subfield code="d">YDX</subfield>
    <subfield code="d">BTCTA</subfield>
    <subfield code="d">BAKER</subfield>
    <subfield code="d">NLM</subfield>
    <subfield code="d">UKM</subfield>
    <subfield code="d">YDXCP</subfield>
    <subfield code="d">CDX</subfield>
    <subfield code="d">DLC</subfield>
    <subfield code="d">EG-ScBUE</subfield>
    <subfield code="b">eng</subfield>
  </datafield>
  <datafield tag="082" ind1="0" ind2="4">
    <subfield code="a">615.7</subfield>
    <subfield code="2">22</subfield>
    <subfield code="b">TAR</subfield>
  </datafield>
  <datafield tag="245" ind1="0" ind2="0">
    <subfield code="a">Targeted delivery of small and macromolecular drugs /</subfield>
    <subfield code="c">edited by Ajit S. Narang, Ram I. Mahato.</subfield>
  </datafield>
  <datafield tag="260" ind1=" " ind2=" ">
    <subfield code="a">Boca Raton :</subfield>
    <subfield code="b">CRC Press / Taylor &amp; Francis,</subfield>
    <subfield code="c">c.2010.</subfield>
  </datafield>
  <datafield tag="300" ind1=" " ind2=" ">
    <subfield code="a">xvi, 614 p. :</subfield>
    <subfield code="b">ill. ;</subfield>
    <subfield code="c">26 cm.</subfield>
  </datafield>
  <datafield tag="500" ind1=" " ind2=" ">
    <subfield code="a">Index : p. 605-614.</subfield>
  </datafield>
  <datafield tag="504" ind1=" " ind2=" ">
    <subfield code="a">Includes bibliographical references.</subfield>
  </datafield>
  <datafield tag="505" ind1="0" ind2=" ">
    <subfield code="a">Therapeutic potential of targeted drug delivery / Ajit S. Narang and Ram I. Mahato -- Antibody therapies for liver malignancy and transplantation / John M. Luk and Kwong-Fai Wong -- Transferrin receptor-mediated transcytosis in intestinal epithelial cells for gastrointestinal absorption of protein drugs / Nurmamet Amet ... [et al.] -- Ionizing radiation for tumor targeted drug delivery / Roberto Diaz, Li Zhou, and Dennis E. Hallahan -- Recent advances in gene expression and delivery systems / Ravikiran Panakanti and Ram I. Mahato -- Cellular barriers for nucleic acid delivery and targeting / Arto Urtti -- Targeted delivery systems of non-viral nucleic acid-based therapeutics / Ga Yong Shim ... [et al.] -- Delivery and targeting of oligonucleotides and siRNA / Ningning Yang and Ram I. Mahato -- Liposomes for non-viral gene delivery / Jiasheng Tu ... [et al.] -- Delivering the bullet to the right intracellular target : a cellular perspective on drug delivery / Maria Teresa Tarrag&#xFFFD;ao-Trani and Brian Storrie -- Mitochondria-targeted drug delivery / Volkmar Weissig and Gerard G. M. D'Souza -- Site-specific prodrug activation strategies for targeted drug action / Mark D. Erion -- Enzyme-activated prodrug strategies for targeted drug action / Jarkko Rautio ... [et al.] -- Targeting colon and kidney : pathophysiological determinants of design strategy / Ajit S. Narang and Ram I. Mahato -- Principles and practice of pulmonary drug delivery / Vivek Gupta, Chandan Thomas, and Fakhrul Ahsan -- Recent advances in ocular drug delivery : role of transporters, receptors, and nanocarriers / Gyan P. Mishra ... [et al.] -- Injectable polymers for regional drug delivery / Rajendra P. Pawar ... [et al.] -- Polymer-drug conjugates / Lucienne Juillerat-Jeanneret and Feride Cengelli -- Polymer micelles for drug delivery / Sungwon Kim and Kinam Park -- Multifunctional stimuli-responsive nanoparticles for targeted delivery of small and macromolecular therapeutics / Srinivas Ganta, Arun Iyer, and Mansoor Amiji -- Physiological stress responsive gene regulation systems for tissue targeting / Hyun Ah Kim and Minhyung Lee.</subfield>
  </datafield>
  <datafield tag="650" ind1=" " ind2="0">
    <subfield code="a">Drug targeting.</subfield>
    <subfield code="2">BUEsh</subfield>
  </datafield>
  <datafield tag="650" ind1=" " ind2="7">
    <subfield code="a">Drug delivery systems.</subfield>
    <subfield code="2">BUEsh</subfield>
    <subfield code="9">36090</subfield>
  </datafield>
  <datafield tag="651" ind1=" " ind2=" ">
    <subfield code="2">BUEsh</subfield>
  </datafield>
  <datafield tag="653" ind1=" " ind2=" ">
    <subfield code="b">PPhrm</subfield>
    <subfield code="c">November2015</subfield>
  </datafield>
  <datafield tag="655" ind1=" " ind2=" ">
    <subfield code="v">Reading book</subfield>
    <subfield code="9">34232</subfield>
  </datafield>
  <datafield tag="700" ind1="1" ind2=" ">
    <subfield code="a">Mahato, Ram I.,</subfield>
    <subfield code="e">editor.</subfield>
  </datafield>
  <datafield tag="700" ind1="1" ind2=" ">
    <subfield code="a">Narang, Ajit S.,</subfield>
    <subfield code="e">editor.</subfield>
  </datafield>
  <datafield tag="942" ind1=" " ind2=" ">
    <subfield code="2">ddc</subfield>
  </datafield>
  <datafield tag="999" ind1=" " ind2=" ">
    <subfield code="c">21100</subfield>
    <subfield code="d">21072</subfield>
  </datafield>
  <datafield tag="952" ind1=" " ind2=" ">
    <subfield code="0">0</subfield>
    <subfield code="1">0</subfield>
    <subfield code="2">ddc</subfield>
    <subfield code="4">0</subfield>
    <subfield code="7">0</subfield>
    <subfield code="8">Baccah</subfield>
    <subfield code="a">MAIN</subfield>
    <subfield code="b">MAIN</subfield>
    <subfield code="c">1ST</subfield>
    <subfield code="d">2015-11-30</subfield>
    <subfield code="e">Purchase</subfield>
    <subfield code="l">0</subfield>
    <subfield code="o">615.7 TAR</subfield>
    <subfield code="p">000031465</subfield>
    <subfield code="r">2025-07-15 00:00:00</subfield>
    <subfield code="y">BB</subfield>
  </datafield>
</record>
